| 000 | 00683nam a2200169 a 4500 | ||
|---|---|---|---|
| 005 | 20210219160349.0 | ||
| 008 | 081020s2000 mx r 000 0 spa d | ||
| 035 | _aUPN01000163939 | ||
| 049 | _aUNE | ||
| 080 | _aOC 058.7: 577.4 (100) =20=40 LIS. | ||
| 245 | 0 | 0 | _aList of national committees for the Programme on Man and the Biosphere= Liste des comités nationaux pour le Programme sur l'homme et la biosphère= Lista de los Comités Nacionales para el Programa sobre el Hombre y la Biosfera. |
| 260 | _aParis : UNESCO, 1986. | ||
| 300 | _a161 p. | ||
| 690 | _aDirectorios- Comites- Medio ambiente | ||
| 710 | 2 | _aMAB. Programa sobre el Hombre y la Biosfera | |
| 905 | _aUNESCO | ||
| 999 |
_c136052 _d136052 |
||